Sports Quiz

Random Sports or NFL Quiz

NFL team nicknames without the letter E Quiz Stats

 Plays Quiz not verified by Sporcle

Score 0/16 Timer 02:00
0 Plays Today
Number Team % Correct
3Patriots
97.2%
10Giants
96.7%
9Cowboys
95.5%
2Dolphins
94.3%
14Saints
92.7%
4Browns
92.3%
15Cardinals
91.1%
11Lions
90.2%
Number Team % Correct
12Vikings
89.8%
13Falcons
89.8%
5Colts
88.6%
7Titans
88.2%
16Rams
87.8%
1Bills
87.4%
8Broncos
86.6%
6Jaguars
85.8%

You're not logged in!

Compare scores with friends on all Sporcle quizzes.
OR
Log In

Show Comments

Extras

Top Quizzes Today


Score Distribution

Your Account Isn't Verified!

In order to create a playlist on Sporcle, you need to verify the email address you used during registration. Go to your Sporcle Settings to finish the process.

Report this User

Report this user for behavior that violates our Community Guidelines.

Details: